|
|
|
|
| LEADER |
00688nab a2200193 i 4500 |
| 001 |
acta11492 |
| 005 |
20210624160023.0 |
| 008 |
161015s1993 hu o 0|| hun d |
| 022 |
|
|
|a 1216-8033
|
| 040 |
|
|
|a SZTE Egyetemi Kiadványok Repozitórium
|b hun
|
| 041 |
|
|
|a hun
|
| 100 |
1 |
|
|a Heidegger Martin
|
| 245 |
1 |
0 |
|a "Már csak egy Isten menthet meg bennünket"
|h [elektronikus dokumentum] :
|b SPIEGEL-interjú Martin Heideggerrel1966. szeptember 23-án. /
|c Heidegger Martin
|
| 260 |
|
|
|c 1993
|
| 300 |
|
|
|a 44-59
|
| 490 |
0 |
|
|a Gondolat-jel
|
| 695 |
|
|
|a Filozófia
|
| 700 |
0 |
1 |
|a Krémer Sándor
|e aut
|
| 856 |
4 |
0 |
|u http://acta.bibl.u-szeged.hu/11492/1/gondolatjel_1993_1_2_044-059.pdf
|z Dokumentum-elérés
|